000 00481nam a2200181Ia 4500
005 20250326123911.0
008 250326s9999 xx 000 0 und d
037 _aTextbook
040 _aFMSL
_beng
_cFMSL
041 _aeng
_2eng
084 _aS8(X8) L5;6
_qFMSL
100 _aBrown J A C
245 0 _aSocial psychology of industry
_cBrown J A C
260 _aUS
_bUS, Penguin
_c1975
300 _a310p
942 _cTB
_hS8(X8) L5;6
999 _c1271397
_d1271397